| 000 | 00964nam0a22002651 4500 | ||
|---|---|---|---|
| 001 | rc\189673 | ||
| 005 | 20260409064120.0 | ||
| 010 |
_a5-86225-358-0 _bИНФРА-М _96000 |
||
| 010 |
_a5-89123-061-5 _bНорма |
||
| 035 | _a(NLR Aleph) 005446472 | ||
| 090 |
_a4812277 _c4812277 |
||
| 100 | _a20030307d1996 |||y0rusy50 ca | ||
| 101 | 0 | _arus | |
| 102 | _aRU | ||
| 105 | _ay ||||||||| | ||
| 200 | 1 |
_aТаможенный кодекс Российской Федерации _eОфиц. текст по состоянию на 1 нояб. 1996 г. _fГос. тамож. ком. Рос. Федерации |
|
| 210 |
_aМ. _cИНФРА-М _cНорма _d1996 |
||
| 215 |
_a250, [1] с. _d20 |
||
| 740 | 1 |
_aРоссийская Федерация _tЗаконы _iТаможенный кодекс _3RU\NLR\AUTH\880379499 _9425392 |
|
| 801 | 0 |
_aRU _bNLR _gpsbo |
|
| 801 | 1 |
_aRU _bELAR _2rusmarc |
|
| 852 |
_aNLR _j97-3/2741 |
||
| 942 | _cBOOK | ||
| 980 | _aNB | ||